| 000 | 00994nas a2200253Ia 4500 | ||
|---|---|---|---|
| 001 | R131/45252 | ||
| 003 | IT-RoPAU | ||
| 008 | 151124c99999999xx |||||||||||| ||und|| | ||
| 040 | _aIT-RoPAU | ||
| 040 | _cIT-RoPAU | ||
| 041 | _aFRANCESE | ||
| 100 |
_aKwiatkowska Viatteau Alexandra _gCodice Aut. SPICS: 43230 |
||
| 210 | _aMEDIASPOUVOIRS | ||
| 222 | _aMediaspouvoirs | ||
| 245 |
_aMEDIASPOUVOIRS, N.01 (DICEMBRE 1985) _bPologne: la Presse Entre L'Eglise Et L'Etat |
||
| 250 | _a1a ed. | ||
| 260 |
_aPARIS _bBAYARD _c1985 |
||
| 501 |
_bPaulus - SPICS - Società San Paolo EM (non-commercial uses only) _cCopyright2015 |
||
| 300 | _a14 p. [31-44] | ||
| 362 | _aN.01 (DICEMBRE 1985) | ||
| 500 | _aStampa tra la Chiesa e Lo Stato in Polonia. Battaglia dell'Osservatore Romano. Filtro per la Parola del Papa. Punto di Vista Ammesso Dal Socialismo. Vangelo Secondo "Politika". Rinascita della Stampa Cattolica Polacca | ||
| 650 |
_aCOMUNICAZIONE _vPUBBLICAZIONE PERIODICA |
||
| 942 | _cCR | ||
| 999 |
_c188155 _d188155 |
||